| 000 | 00492nam a2200169Ia 4500 | ||
|---|---|---|---|
| 005 | 20250923145303.0 | ||
| 008 | 008 250917s9999 xx 000 0 eng d | ||
| 037 | _aTextual | ||
| 040 |
_aDSWL _beng _cDSWL |
||
| 041 |
_aeng _2eng |
||
| 084 |
_aX:77x1, N55 _qDSWL |
||
| 245 | 0 |
_aEconomic Growth : Brazil, India, Japan _cEd by Simon Kuznets |
|
| 260 |
_aDurham _bDube University Press _c1955 |
||
| 300 | _av,613p. | ||
| 942 |
_cTEXL _hX:77x1, N55 |
||
| 999 |
_c1449501 _d1449501 |
||